1785 1833 1345 1382 1094 1383 1752 1897 1966 1884 1499 1181 1607 1454 1345 1612 1441 1076 1403 1722 1641 1828 1848 1331 1368 1104 1030 1858 1874 1373 1068 1350 1429 1294 1885 1330 1120 1920 1883 1782 1465 1117 1171 1132 1286 1263 1490 1863 1039 1753 1173 1451 1240 1262 1620 1373 1929 1580 1466 1144 1217 1106 1021 1627 1127 1986 1462 1595 1807 1825 1901 1511 1689 1930 1803 1907 1482 1727 1983 1565 1734 1410 1988 1898 1863 1220 1922 1593 1822 1766 1596 1644 1686 1582 1726 1778 1697 1655 1193 BCNSPRNW ULIB Ver.6.0+V

เปลี่ยนเป็นภาษาไทย

Change to English
 แสดงรายละเอียดบรรณานุกรม
  กลับหน้าหลัก

Brief Record : Get Marc (ISO 2709) : E-mail record : QR code < ปิดหน้าต่าง
LEADER : 00000nam 2200000uu 4500
001    13399128891
003     ULIB
008    241024s2022||||th 000 0 tha d
020    ^a9780323824507
060 04 ^aW21.5^bB854K
245 00 ^aKinn s Medical assisting Fundamentals Administrative and ClinicalCompetencies with Anatomy & Physiology. /^cBrigitte Niedzwiecki
250    ^a2rd ed
260    ^aSt. Louis, Missouri :^bELSEVIER,^c2022
300    ^axxx, 1279 p. :^bcol. ill. ;^c29 cm.
650  2 ^aMedical Assistants
700 0  ^aBrigitte Niedzwiecki
945    ^p4029^l0^i011138
999    ^aประนอม เกษจรัล
รายการนี้ยังไม่มีแท็ก
คุณยังไม่ได้ล็อกอิน คุณสามารถมีกิจกรรมร่วมกับเว็บไซต์ได้ แต่ต้องล็อกอินก่อน ::
  ล็อกอิน

รายการสื่อสารสนเทศ

ลำดับที่ ประเภท เลขเรียก/บาร์โค้ด สถานที่ สถานะ
1. Book การพยาบาล
หนังสือสำรอง
สถานะ=หนังสือสำรอง
W21.5 B854K ฉ.1 
  Barcode: 011138
ห้องสมุดวิทยาเขตสวรรค์ประชารักษ์
►หนังสือทั่วไป
บนชั้น

BibComment


ยังไม่เคยถูกคอมเมนท์

คอมเมนท์ทรัพยากรรายการนี้
  คอมเมนท์: Kinn s Medical a..


 Copyright 2026. Bcnsprnw @Library